Statistics for States with the Smallest Mormon Populations

Click here to take the quiz!

General Stats

  • This quiz has been taken 69 times
  • The average score is 7 of 10

Answer Stats

Members% of Total PopulationState% Correct
10,994~0.82%Maine
92%
4,622~0.74%Vermont
87%
4,165~0.39%Rhode Island
86%
8,875~0.65%New Hampshire
83%
5,620~0.58%Delaware
79%
15,834~0.44%Connecticut
75%
17,045~0.94%West Virginia
71%
21,561~0.72%Mississippi
59%
11,406~1.51%North Dakota
51%
10,654~1.21%South Dakota
51%

Score Distribution

Percentile by Number Answered

Percent of People with Each Score

Your Score History

You have not taken this quiz